[Event "8eme Open International de La Fere"]
[Site "La Fere (FRA)"]
[Date "2009.07.04"]
[Round "1.1"]
[White "Videnova, Iva"]
[Black "Gharamian, Tigran"]
[Result "1/2-1/2"]
[WhiteElo "2197"]
[BlackElo "2615"]
[PlyCount "60"]
[EventDate "2009.??.??"]

1. e4 c5 2. Nf3 d6 3. d4 cxd4 4. Nxd4 Nf6 5. Nc3 a6 6. Bg5 Nbd7 7. f4 Qc7 8.
Qf3 e5 9. Nf5 h6 10. Bxf6 Nxf6 11. O-O-O Be6 12. g4 exf4 13. Qxf4 g6 14. Nxd6+
Bxd6 15. Rxd6 O-O 16. e5 Nd7 17. Ne4 Qa5 18. Rxd7 Bxd7 19. Bd3 Kg7 20. Nf6 Be6
21. Nh5+ Kh7 22. Nf6+ Kg7 23. g5 hxg5 24. Qxg5 Rh8 25. Rg1 Kf8 26. Bxg6 fxg6
27. Qxg6 Qc7 28. Rf1 Qc4 29. Nh7+ Ke7 30. Rf7+ Ke8 1/2-1/2

[Event "8eme Open International de La Fere"]
[Site "La Fere (FRA)"]
[Date "2009.07.04"]
[Round "1.2"]
[White "Malaniuk, Vladimir P"]
[Black "Tillet, Louis-Juan"]
[Result "1-0"]
[WhiteElo "2563"]
[BlackElo "2190"]
[PlyCount "71"]
[EventDate "2009.??.??"]

1. d4 Nf6 2. Nf3 g6 3. c3 Bg7 4. Bg5 d5 5. Nbd2 Nbd7 6. e3 O-O 7. b4 Re8 8. Be2
e5 9. h3 e4 10. Nh2 h6 11. Bh4 Nf8 12. c4 c6 13. Rc1 Be6 14. a4 a6 15. O-O Qe7
16. Rb1 g5 17. Bg3 dxc4 18. Nxc4 Nd5 19. Qd2 f5 20. Bd6 Qd7 21. Be5 Red8 22.
Rfc1 Ng6 23. Bxg7 Qxg7 24. b5 axb5 25. axb5 f4 26. bxc6 bxc6 27. Bg4 Bxg4 28.
Nxg4 c5 29. Nb6 Nxb6 30. Rxb6 cxd4 31. Nf6+ Kh8 32. exd4 e3 33. fxe3 fxe3 34.
Qxe3 Nf4 35. Qe4 Ra2 36. Rb7 1-0

[Event "8eme Open International de La Fere"]
[Site "La Fere (FRA)"]
[Date "2009.07.04"]
[Round "1.3"]
[White "Delorme, Laurie"]
[Black "Degraeve, Jean-Marc"]
[Result "0-1"]
[WhiteElo "2152"]
[BlackElo "2559"]
[PlyCount "62"]
[EventDate "2009.??.??"]

1. d4 d6 2. Nf3 g6 3. c4 Bg7 4. Nc3 c5 5. e4 Nc6 6. d5 Nd4 7. Nxd4 Bxd4 8. Bd3
Bg7 9. O-O Nf6 10. h3 O-O 11. f4 e6 12. Be3 exd5 13. exd5 Re8 14. Bd2 Nh5 15.
g4 Bd4+ 16. Kg2 Ng7 17. Qf3 f5 18. g5 a6 19. Ne2 Bxb2 20. Rab1 Ba3 21. Bc3 Bb4
22. Bf6 Qa5 23. a3 Bd2 24. Rb3 Nh5 25. Ba1 b5 26. cxb5 Re3 27. Qf2 Bb7 28. Bc4
Rxb3 29. Bxb3 Qxa3 30. Qf3 axb5 31. Qd3 Qb4 0-1

[Event "8eme Open International de La Fere"]
[Site "La Fere (FRA)"]
[Date "2009.07.04"]
[Round "1.4"]
[White "Nanu, Ciprian-Costica"]
[Black "Noiroux, Kevin"]
[Result "1-0"]
[WhiteElo "2535"]
[BlackElo "2145"]
[PlyCount "72"]
[EventDate "2009.??.??"]

1. d4 Nf6 2. Nf3 e6 3. e3 c5 4. c4 cxd4 5. exd4 d5 6. Nc3 Be7 7. Bd3 O-O 8. O-O
Nc6 9. a3 dxc4 10. Bxc4 a6 11. Ba2 b5 12. Bg5 Bb7 13. Rc1 Nd5 14. Ne4 Bxg5 15.
Nexg5 Nf6 16. Re1 h6 17. Nxf7 Rxf7 18. Bxe6 Qd6 19. Bxf7+ Kxf7 20. Ne5+ Kg8 21.
Qb3+ Nd5 22. Nxc6 Bxc6 23. Qg3 Rd8 24. Re5 Nb6 25. Rec5 Qxd4 26. h4 Ba8 27. Rc7
Nc4 28. Rc3 Be4 29. Re7 Nd6 30. Qg4 Rf8 31. Rf3 Rf7 32. Rfxf7 Nxf7 33. Re8+ Kh7
34. Qxe4+ Qxe4 35. Rxe4 Nd6 36. Re6 Nc4 1-0

[Event "8eme Open International de La Fere"]
[Site "La Fere (FRA)"]
[Date "2009.07.04"]
[Round "1.5"]
[White "Ahlers, Ben"]
[Black "Riff, Jean-Noel"]
[Result "0-1"]
[WhiteElo "2136"]
[BlackElo "2505"]
[PlyCount "72"]
[EventDate "2009.??.??"]

1. e4 c5 2. b3 e6 3. Bb2 Nc6 4. Nf3 a6 5. d4 cxd4 6. Nxd4 Qc7 7. Nxc6 Qxc6 8.
Bd3 Nf6 9. Nd2 d6 10. O-O Be7 11. Kh1 b6 12. Qe2 Bb7 13. c4 h5 14. Rae1 h4 15.
Nf3 e5 16. Bc1 Nh5 17. b4 g6 18. b5 Qd7 19. c5 bxc5 20. bxa6 Bc6 21. Bc4 h3 22.
g3 Ng7 23. Rd1 f6 24. Nh4 g5 25. Ng6 Rh6 26. Nxe7 Kxe7 27. f4 gxf4 28. gxf4 Rh4
29. Bd5 Bxd5 30. exd5 Qg4 31. Qf2 Qg2+ 32. Qxg2 hxg2+ 33. Kxg2 e4 34. Rde1 f5
35. Bb2 Nh5 36. Kh1 Ng3+ 0-1

[Event "8eme Open International de La Fere"]
[Site "La Fere (FRA)"]
[Date "2009.07.04"]
[Round "1.6"]
[White "Gozzoli, Yannick"]
[Black "Broekman, Willem"]
[Result "1-0"]
[WhiteElo "2498"]
[BlackElo "2129"]
[PlyCount "83"]
[EventDate "2009.??.??"]

1. d4 e6 2. c4 Nf6 3. Nf3 d5 4. Nc3 Nbd7 5. Bf4 c6 6. e3 Qa5 7. Qc2 Bb4 8. Nd2
Ne4 9. Ndxe4 dxe4 10. Be2 e5 11. Bg3 f5 12. O-O O-O 13. c5 exd4 14. exd4 Bxc3
15. Bc4+ Kh8 16. bxc3 Qd8 17. Bd6 Rf6 18. f3 exf3 19. Rxf3 Nf8 20. Be5 Rh6 21.
Re1 Ng6 22. Bc7 Qf8 23. Bd6 Qd8 24. Bd3 Nh4 25. Rfe3 Bd7 26. Be7 Qg8 27. Bxh4
Rxh4 28. Bxf5 Bxf5 29. Qxf5 Rf8 30. Qxf8 Qxf8 31. Re8 Rf4 32. Rxf8+ Rxf8 33.
Re7 Rb8 34. a4 Kg8 35. a5 h6 36. Kf2 Kh7 37. Ke3 Kg6 38. c4 Kf6 39. Rc7 g5 40.
g4 Re8+ 41. Kd3 Rb8 42. a6 1-0

[Event "8eme Open International de La Fere"]
[Site "La Fere (FRA)"]
[Date "2009.07.04"]
[Round "1.7"]
[White "Gozzoli, Cyrille"]
[Black "Wirig, Anthony"]
[Result "0-1"]
[WhiteElo "2125"]
[BlackElo "2491"]
[PlyCount "56"]
[EventDate "2009.??.??"]

1. d4 Nf6 2. Nf3 c5 3. c4 cxd4 4. Nxd4 g6 5. Nc3 Nc6 6. Nc2 Bg7 7. e4 d6 8. Be2
Nd7 9. O-O Bxc3 10. bxc3 Nc5 11. f3 Qa5 12. Bd2 Na4 13. Kh1 Be6 14. Nd4 Nb2 15.
Qc1 Nxc4 16. Nxe6 Nxd2 17. Qxd2 fxe6 18. Bc4 Qe5 19. Qb2 b6 20. Rae1 O-O 21.
Qb3 Rf6 22. f4 Rxf4 23. Bxe6+ Kg7 24. Rxf4 Qxf4 25. Qc4 Rf8 26. h3 Ne5 27. Qd4
Qg3 28. Qe3 Rf1+ 0-1

[Event "8eme Open International de La Fere"]
[Site "La Fere (FRA)"]
[Date "2009.07.04"]
[Round "1.9"]
[White "Thomas, Olivier"]
[Black "Genov, Petar"]
[Result "0-1"]
[WhiteElo "2068"]
[BlackElo "2478"]
[PlyCount "70"]
[EventDate "2009.??.??"]

1. e4 c5 2. Nc3 Nc6 3. f4 e6 4. Nf3 a6 5. d4 cxd4 6. Nxd4 Qc7 7. Nxc6 Qxc6 8.
Bd3 b5 9. a3 Bb7 10. Qe2 Bc5 11. Be3 Rc8 12. Bxc5 Qxc5 13. Qf2 d6 14. O-O Nf6
15. Rfe1 Ke7 16. h3 Qxf2+ 17. Kxf2 h5 18. g3 Rc5 19. Rad1 h4 20. g4 e5 21. f5
Nh7 22. Bf1 Ng5 23. Rd2 Rxc3 24. bxc3 Nxe4+ 25. Rxe4 Bxe4 26. c4 Bc6 27. cxb5
axb5 28. c4 bxc4 29. Bxc4 Ra8 30. Rd3 Ra5 31. Rb3 d5 32. Be2 Rc5 33. g5 d4 34.
a4 e4 35. Bg4 Kd6 0-1

[Event "8eme Open International de La Fere"]
[Site "La Fere (FRA)"]
[Date "2009.07.04"]
[Round "1.10"]
[White "Marzolo, Cyril"]
[Black "Husson, Cybele"]
[Result "1-0"]
[WhiteElo "2443"]
[BlackElo "2037"]
[PlyCount "69"]
[EventDate "2009.??.??"]

1. d4 g6 2. c4 Bg7 3. e4 d6 4. Nc3 Nd7 5. Nf3 e5 6. Be2 exd4 7. Nxd4 Nc5 8. Be3
Ne7 9. h4 h5 10. Qd2 Ne6 11. O-O-O Nc6 12. Nc2 a5 13. Nd5 a4 14. Kb1 Ne7 15.
Nc3 Bd7 16. Nd4 Qb8 17. g4 a3 18. b3 hxg4 19. Bxg4 Nc6 20. Ndb5 Ne5 21. Be2 Bc6
22. f4 Nd7 23. h5 Qd8 24. hxg6 fxg6 25. Bg4 Ndc5 26. Qg2 Kf7 27. Nd5 Bxb5 28.
cxb5 c6 29. Bxe6+ Kxe6 30. Rxh8 Bxh8 31. e5 Kf7 32. Bxc5 dxc5 33. bxc6 bxc6 34.
Nf6 Qa5 35. Qg4 1-0

[Event "8eme Open International de La Fere"]
[Site "La Fere (FRA)"]
[Date "2009.07.04"]
[Round "1.11"]
[White "Daces, Philippe"]
[Black "Venkatesh, M.r"]
[Result "0-1"]
[WhiteElo "2023"]
[BlackElo "2426"]
[PlyCount "52"]
[EventDate "2009.??.??"]

1. d4 Nf6 2. Nf3 e6 3. Bf4 c5 4. c3 Qb6 5. Qc2 cxd4 6. cxd4 Nc6 7. e3 Nb4 8.
Qb3 Qa5 9. Nc3 Nbd5 10. Bd3 Nxf4 11. exf4 Bb4 12. Rc1 Bxc3+ 13. bxc3 O-O 14.
O-O d6 15. c4 Bd7 16. Ng5 Bc6 17. f3 Qd2 18. Qc2 Qe3+ 19. Kh1 h6 20. Nh7 Nxh7
21. Bxh7+ Kh8 22. Rcd1 g6 23. Bxg6 fxg6 24. Qxg6 Qxf4 25. d5 exd5 26. cxd5 Bd7
0-1

[Event "8eme Open International de La Fere"]
[Site "La Fere (FRA)"]
[Date "2009.07.04"]
[Round "1.12"]
[White "Konguvel, Ponnuswamy"]
[Black "Cozette, Michael"]
[Result "1-0"]
[WhiteElo "2419"]
[BlackElo "2020"]
[PlyCount "79"]
[EventDate "2009.??.??"]

1. e4 c5 2. Nf3 d6 3. d4 cxd4 4. Nxd4 Nf6 5. Nc3 a6 6. Bc4 e6 7. Bb3 b5 8. O-O
Be7 9. Qf3 Qc7 10. Qg3 O-O 11. Bh6 Ne8 12. Rad1 Nc6 13. Nd5 Nxd4 14. Nxe7+ Qxe7
15. Rxd4 Qf6 16. Be3 Bb7 17. f3 Kh8 18. Rfd1 e5 19. Bg5 Qg6 20. Be7 Qxg3 21.
hxg3 exd4 22. Bxf8 d5 23. e5 a5 24. a4 bxa4 25. Bxa4 Nc7 26. Bc5 Ne6 27. Bxd4
Kg8 28. Kf2 h5 29. f4 g6 30. c3 Ba6 31. Be3 Rb8 32. Rd2 Bb5 33. Bd1 Bc6 34. g4
hxg4 35. Bxg4 Ng7 36. Bf3 Nf5 37. Bc5 Rb5 38. b4 axb4 39. cxb4 Rb8 40. Bxd5 1-0

[Event "8eme Open International de La Fere"]
[Site "La Fere (FRA)"]
[Date "2009.07.04"]
[Round "1.13"]
[White "Nepveu, Manuel"]
[Black "Goldsztejn, Gildas"]
[Result "0-1"]
[WhiteElo "2015"]
[BlackElo "2403"]
[PlyCount "56"]
[EventDate "2009.??.??"]

1. d4 Nf6 2. c4 c5 3. d5 e6 4. Nc3 d6 5. e4 exd5 6. exd5 Be7 7. Bd3 O-O 8. Nf3
Bg4 9. h3 Bh5 10. Bf4 Na6 11. O-O Nc7 12. Re1 Re8 13. g4 Bg6 14. Bxg6 hxg6 15.
Qd2 Qd7 16. Kg2 Bf8 17. Bg3 b5 18. cxb5 Nxb5 19. Qd3 a6 20. Rad1 Rac8 21. b3
Qb7 22. Nxb5 axb5 23. Rxe8 Rxe8 24. a4 bxa4 25. bxa4 Ra8 26. Qb5 Qxb5 27. axb5
Rb8 28. g5 Ne4 0-1

[Event "8eme Open International de La Fere"]
[Site "La Fere (FRA)"]
[Date "2009.07.04"]
[Round "1.14"]
[White "Pytel, Krzysztof"]
[Black "Neumair, Jerome"]
[Result "1-0"]
[WhiteElo "2383"]
[BlackElo "2007"]
[PlyCount "79"]
[EventDate "2009.??.??"]

1. d4 d5 2. Nf3 Nf6 3. c3 e6 4. Bg5 Nbd7 5. Nbd2 Be7 6. e3 O-O 7. Bd3 c5 8. O-O
h6 9. Bxf6 Nxf6 10. Ne5 Qb6 11. Rb1 Bd7 12. Re1 Bb5 13. Bc2 Nd7 14. f4 Nxe5 15.
fxe5 Qa6 16. Nf3 cxd4 17. Nxd4 Qb6 18. a4 Ba6 19. Qg4 Rac8 20. a5 Qc7 21. Qg3
Bc4 22. Rbd1 Qxa5 23. Nxe6 fxe6 24. Qg6 Bc5 25. Qxe6+ Kh8 26. Qg6 Kg8 27. e6
Rf6 28. Qh7+ Kf8 29. Qh8+ Ke7 30. Qxg7+ Kxe6 31. Qg4+ Kf7 32. Qxc8 Qb6 33. b3
Bxe3+ 34. Kh1 Bb5 35. Rxd5 Bc6 36. Rf5 Bg5 37. Qe6+ Kg7 38. Qe7+ Kg8 39. Rxf6
Bxf6 40. Bh7+ 1-0

[Event "8eme Open International de La Fere"]
[Site "La Fere (FRA)"]
[Date "2009.07.04"]
[Round "1.15"]
[White "Waquet, Frederic"]
[Black "Schmidt, Raul"]
[Result "0-1"]
[WhiteElo "2005"]
[BlackElo "2377"]
[PlyCount "62"]
[EventDate "2009.??.??"]

1. d4 Nf6 2. e3 g6 3. Bd3 Bg7 4. Nd2 O-O 5. f4 d6 6. Ngf3 Nc6 7. c3 e5 8. O-O
Qe7 9. Bc2 exf4 10. exf4 Qe3+ 11. Kh1 Qxf4 12. Ne5 Qh4 13. Ndf3 Qh5 14. Nd3 Bf5
15. Bg5 Be4 16. h4 h6 17. Nf4 Qg4 18. Bxf6 Bxf6 19. Bxe4 Qxf4 20. Bxc6 bxc6 21.
h5 gxh5 22. Qd3 Rae8 23. Nh2 Qg5 24. Rf5 Qg6 25. Raf1 Bg5 26. Nf3 Re3 27. Qb1
Bd8 28. Ng1 Rfe8 29. Qd1 R8e4 30. Rxf7 Rh4+ 31. Nh3 Rexh3+ 0-1

[Event "8eme Open International de La Fere"]
[Site "La Fere (FRA)"]
[Date "2009.07.04"]
[Round "1.16"]
[White "Piankov, Evgenij"]
[Black "Auroy, Didier"]
[Result "1-0"]
[WhiteElo "2356"]
[BlackElo "2000"]
[PlyCount "111"]
[EventDate "2009.??.??"]

1. d4 Nf6 2. Nf3 e6 3. Bf4 c5 4. e3 b6 5. Bd3 Bb7 6. Nbd2 Be7 7. h3 O-O 8. O-O
d6 9. c3 cxd4 10. cxd4 Re8 11. Bb5 Rf8 12. Rc1 a6 13. Bd3 Nd5 14. Bg3 b5 15. a4
Nb4 16. Bb1 Qb6 17. Qb3 a5 18. axb5 Qxb5 19. Ne4 Rd8 20. Nc3 Qe8 21. Be4 Qd7
22. Bxb7 Qxb7 23. Na4 Nd7 24. Rc3 Nb6 25. Rfc1 N6d5 26. Rc4 Rdc8 27. Nd2 Nc7
28. R1c3 Nb5 29. Rxc8+ Rxc8 30. Rxc8+ Qxc8 31. Qc4 Qb7 32. Nb3 Bd8 33. Nd2 Qc6
34. Kf1 Qxc4+ 35. Nxc4 Bc7 36. Ke2 Kf8 37. Nc3 Nxc3+ 38. bxc3 Nd5 39. Kd2 Ke7
40. Na3 Kd7 41. Nb5 Nf6 42. f3 Ne8 43. Nxc7 Nxc7 44. c4 Ne8 45. Kc3 Kc6 46. Kb3
f6 47. Ka4 Kb6 48. Bxd6 Nxd6 49. c5+ Kc6 50. cxd6 Kxd6 51. Kxa5 e5 52. Kb4 f5
53. Kc4 g5 54. d5 f4 55. e4 h5 56. Kb4 1-0

[Event "8eme Open International de La Fere"]
[Site "La Fere (FRA)"]
[Date "2009.07.04"]
[Round "1.17"]
[White "Feryn, Alexandre"]
[Black "Houriez, Clement"]
[Result "1/2-1/2"]
[WhiteElo "1994"]
[BlackElo "2314"]
[PlyCount "66"]
[EventDate "2009.??.??"]

1. e4 c5 2. Nf3 d6 3. c3 Nf6 4. Be2 Bd7 5. d3 g6 6. O-O Bg7 7. Nbd2 O-O 8. Re1
Nc6 9. Bf1 Qc7 10. Nc4 d5 11. Ne3 d4 12. Nd5 Qd8 13. Bg5 e6 14. Bxf6 Bxf6 15.
Nxf6+ Qxf6 16. e5 Qe7 17. g3 dxc3 18. bxc3 Rfd8 19. Bg2 Na5 20. Nd2 Bb5 21. Ne4
Rxd3 22. Nf6+ Kg7 23. Qc1 Bc6 24. Qg5 Qf8 25. Ng4 Kh8 26. Rad1 Rad8 27. Rxd3
Rxd3 28. Bf1 Rd7 29. Nf6 Rd8 30. Ng4 Rd7 31. Nf6 Rd8 32. Ng4 Rb8 33. Rd1 Bd5
1/2-1/2

[Event "8eme Open International de La Fere"]
[Site "La Fere (FRA)"]
[Date "2009.07.04"]
[Round "1.18"]
[White "Sandu, Mihaela"]
[Black "Derigny, Philippe"]
[Result "1-0"]
[WhiteElo "2312"]
[BlackElo "1993"]
[PlyCount "79"]
[EventDate "2009.??.??"]

1. e4 d6 2. d4 Nf6 3. Nc3 g6 4. Be3 c6 5. Qd2 b5 6. Bd3 h5 7. h3 a5 8. Nf3 b4
9. Ne2 Ba6 10. a3 Bxd3 11. Qxd3 Na6 12. Nf4 Bh6 13. c3 b3 14. c4 a4 15. e5 g5
16. Ng6 Rg8 17. Nxe7 Qxe7 18. exf6 Qxf6 19. O-O-O Qg6 20. Qxg6 Rxg6 21. d5 c5
22. g4 h4 23. Nd2 Kd7 24. Ne4 Re8 25. Nc3 Bg7 26. Nxa4 Re4 27. Kd2 Bf6 28. Nc3
Re8 29. Rde1 Rgg8 30. Kd3 Nc7 31. Rhf1 Bd8 32. f4 Ref8 33. fxg5 Bxg5 34. Bxg5
Rxg5 35. Ne4 Rg7 36. Rf5 Ne8 37. Kc3 Rg6 38. Kxb3 f6 39. Ref1 Ke7 40. g5 1-0

[Event "8eme Open International de La Fere"]
[Site "La Fere (FRA)"]
[Date "2009.07.04"]
[Round "1.19"]
[White "Deneuville, Ludovic"]
[Black "Bannink, Bernard"]
[Result "0-1"]
[WhiteElo "1984"]
[BlackElo "2277"]
[PlyCount "114"]
[EventDate "2009.??.??"]

1. d4 d5 2. Nf3 Nf6 3. Bf4 g6 4. e3 Bg7 5. c4 O-O 6. Nc3 c6 7. cxd5 Nxd5 8.
Nxd5 cxd5 9. Be2 Nc6 10. O-O h6 11. Qb3 b6 12. Rac1 Na5 13. Qb4 Bg4 14. Bc7 Qd7
15. Bb5 Qe6 16. Ne5 Bxe5 17. Bxe5 a6 18. Ba4 Nc4 19. Bg3 Bf5 20. Bd1 a5 21. Qc3
b5 22. b3 b4 23. Qe1 Na3 24. Be2 Rfc8 25. Qd2 Rxc1 26. Rxc1 Nb1 27. Qb2 Nc3 28.
Kf1 Rc8 29. a4 Qe4 30. Qd2 Nxe2 31. Rxc8+ Bxc8 32. Kxe2 Ba6+ 33. Ke1 Qxg2 34.
Qc2 Kh7 35. Kd2 Qf1 36. Qd1 Qd3+ 37. Kc1 Qf5 38. Qc2 Bd3 39. Qd2 Be4 40. Kb2
Qc8 41. Qc1 Qa6 42. Qd1 g5 43. Be5 f6 44. Bc7 Kg6 45. Bg3 h5 46. f3 Bf5 47. Bf2
h4 48. Bg1 Bd3 49. Bf2 Be2 50. Qc2+ Qd3 51. Qxd3+ Bxd3 52. e4 dxe4 53. fxe4
Bxe4 54. d5 Bxd5 55. Bb6 g4 56. Bxa5 g3 57. Bc7 e5 0-1

[Event "8eme Open International de La Fere"]
[Site "La Fere (FRA)"]
[Date "2009.07.04"]
[Round "1.20"]
[White "Forthofer, Robert"]
[Black "Eggink, Gerhard"]
[Result "1/2-1/2"]
[WhiteElo "2263"]
[BlackElo "1979"]
[PlyCount "79"]
[EventDate "2009.??.??"]

1. e4 e5 2. f4 exf4 3. Nf3 Be7 4. Bc4 Nf6 5. e5 Ng4 6. O-O d5 7. exd6 Qxd6 8.
d4 O-O 9. Nc3 Ne3 10. Bxe3 fxe3 11. Ne5 Be6 12. Nb5 Qb6 13. Bxe6 fxe6 14. Rxf8+
Bxf8 15. Qf3 Nc6 16. Qf7+ Kh8 17. Rf1 Be7 18. Nxc6 e2 19. Re1 Qxc6 20. Qxe7
Qxb5 21. b3 Qd5 22. Qh4 e5 23. Rxe2 exd4 24. Qe7 c5 25. Re5 Qd8 26. Qxc5 Rc8
27. Qb5 h6 28. h3 Qf6 29. Qd5 Qf4 30. Re4 Qc1+ 31. Kh2 Qxc2 32. Qxd4 Qc7+ 33.
Qe5 Qxe5+ 34. Rxe5 Rc2 35. Re7 Rxa2 36. Rxb7 a5 37. Kg3 Rb2 38. Rb5 Ra2 39. h4
a4 40. bxa4 1/2-1/2

[Event "8eme Open International de La Fere"]
[Site "La Fere (FRA)"]
[Date "2009.07.04"]
[Round "1.21"]
[White "Pytel, Bozena"]
[Black "Mulder, Bart-Piet"]
[Result "0-1"]
[WhiteElo "1957"]
[BlackElo "2212"]
[PlyCount "128"]
[EventDate "2009.??.??"]

1. Nf3 Nf6 2. d4 d5 3. c3 g6 4. Bg5 Bg7 5. Nbd2 O-O 6. e3 b6 7. Bd3 Bb7 8. O-O
Ne4 9. Bf4 Nd7 10. Qe2 Re8 11. Ne5 c5 12. Bb5 Bxe5 13. dxe5 a6 14. Nxe4 dxe4
15. Ba4 b5 16. Bc2 Nf8 17. Rfd1 Qb6 18. Rd2 Rad8 19. Rad1 Ne6 20. Bg3 c4 21. b3
cxb3 22. axb3 Rxd2 23. Rxd2 Qc6 24. c4 bxc4 25. bxc4 Rc8 26. Bb3 Nc5 27. Ba2
Nd3 28. Qd1 a5 29. Bb3 Qb6 30. h3 Ba6 31. Qc2 Qb4 32. e6 Bxc4 33. exf7+ Kxf7
34. Bxc4+ Rxc4 35. Qa2 e6 36. Kh2 Nc1 37. Qb2 Qxb2 38. Rxb2 a4 39. Be5 Nd3 40.
Rb7+ Ke8 41. Bd6 Rc6 42. Ba3 Nxf2 43. Ra7 Rc4 44. Kg3 Nd1 45. Kg4 Nc3 46. Rxh7
Nb5 47. Bb2 a3 48. Bf6 a2 49. Re7+ Kf8 50. Rb7 Rc5 51. Bb2 Rf5 52. Kg3 Nd6 53.
Ra7 Nc4 54. Bd4 Ra5 55. Rc7 e5 56. Ba1 Nxe3 57. Rc3 Nf5+ 58. Kf2 Ke7 59. Rc1
Ke6 60. Rc2 Ra3 61. Rc6+ Kd5 62. Rb6 e3+ 63. Ke1 Nd4 64. Rb2 Kc4 0-1

[Event "8eme Open International de La Fere"]
[Site "La Fere (FRA)"]
[Date "2009.07.04"]
[Round "1.22"]
[White "Demanghon, Jonathan"]
[Black "Feryn, Benjamin"]
[Result "1/2-1/2"]
[WhiteElo "2211"]
[BlackElo "1954"]
[PlyCount "71"]
[EventDate "2009.??.??"]

1. d4 Nf6 2. c4 g6 3. Nc3 Bg7 4. e4 d6 5. f3 O-O 6. Nge2 c5 7. d5 Nbd7 8. Ng3
a6 9. a4 Rb8 10. Be2 Re8 11. O-O Qc7 12. Bg5 e6 13. Qd2 exd5 14. exd5 Ne5 15.
h3 Ned7 16. Rae1 b6 17. Qf4 h5 18. Bd3 Bb7 19. Bh6 Ne5 20. Bxg7 Kxg7 21. Bc2
Qd8 22. b3 Bc8 23. Qh4 Nh7 24. Qxd8 Rxd8 25. f4 Nd7 26. Re7 Kf8 27. Rfe1 Nhf6
28. Nh1 Ng8 29. R7e3 Ndf6 30. Nf2 Bd7 31. Bd1 Nh6 32. Bc2 Re8 33. Kf1 Nf5 34.
Rxe8+ Rxe8 35. Rxe8+ Kxe8 36. Ke2 1/2-1/2

[Event "8eme Open International de La Fere"]
[Site "La Fere (FRA)"]
[Date "2009.07.04"]
[Round "1.23"]
[White "Soveaux, Jean"]
[Black "Genova, Lyubka"]
[Result "0-1"]
[WhiteElo "1947"]
[BlackElo "2209"]
[PlyCount "82"]
[EventDate "2009.??.??"]

1. e4 c5 2. Nf3 e6 3. d4 cxd4 4. Nxd4 Nc6 5. c3 Qc7 6. Be3 Nf6 7. Bd3 d5 8. Nd2
Ne5 9. Bc2 a6 10. h3 Ng6 11. g3 dxe4 12. Nxe4 Nd5 13. Qe2 e5 14. Nb3 Nxe3 15.
Qxe3 Be7 16. O-O-O Bd7 17. Kb1 Bc6 18. Rhe1 O-O 19. h4 Rfe8 20. h5 Nf8 21. g4
a5 22. g5 a4 23. Nc1 Bxe4 24. Bxe4 a3 25. b3 Rac8 26. c4 f6 27. Bd5+ Kh8 28. h6
fxg5 29. hxg7+ Kxg7 30. Qf3 Bf6 31. Qh5 Ng6 32. Be4 Ne7 33. Rh1 Rh8 34. Rh3 b5
35. Rhd3 Rhd8 36. Rh1 Rh8 37. Rhd1 Rcd8 38. Bd5 Nxd5 39. cxd5 e4 40. d6 Qc5 41.
Rd5 Qc3 0-1

[Event "8eme Open International de La Fere"]
[Site "La Fere (FRA)"]
[Date "2009.07.04"]
[Round "1.24"]
[White "Adelise, Theo"]
[Black "Mestdagh, Franck"]
[Result "0-1"]
[WhiteElo "1735"]
[BlackElo "1937"]
[PlyCount "46"]
[EventDate "2009.??.??"]

1. e4 c5 2. Nc3 e6 3. a3 Nf6 4. Bc4 d5 5. exd5 exd5 6. Ba2 d4 7. Qe2+ Be7 8.
Nb1 Nc6 9. d3 O-O 10. Nf3 Nd5 11. O-O Be6 12. Nbd2 h6 13. Ne4 Qd7 14. Bxd5 Bxd5
15. Nfd2 Rae8 16. Qh5 f5 17. Ng3 f4 18. Nge4 Rf5 19. Qg4 Ne5 20. Qd1 f3 21. g3
Rf7 22. Kh1 Qh3 23. Rg1 Ng4 0-1

[Event "8eme Open International de La Fere"]
[Site "La Fere (FRA)"]
[Date "2009.07.04"]
[Round "1.25"]
[White "Hoelting, Siegfried"]
[Black "Eeckhout, Jean-Louis"]
[Result "1-0"]
[WhiteElo "1920"]
[BlackElo "1723"]
[PlyCount "69"]
[EventDate "2009.??.??"]

1. e4 c5 2. Nf3 d6 3. d4 cxd4 4. Nxd4 Nf6 5. Nc3 a6 6. a4 e6 7. Be2 Be7 8. Be3
Qc7 9. O-O Nbd7 10. f4 b6 11. Bf3 Bb7 12. f5 e5 13. Nb3 Qc4 14. Be2 Qc6 15. Qd2
Rd8 16. Bf3 Qc4 17. Rae1 O-O 18. Qf2 Qc7 19. g4 h6 20. Qg2 Nh7 21. Qf2 Rc8 22.
Bg2 Qd8 23. Rd1 Qc7 24. Kh1 Nc5 25. Nd2 Bc6 26. Nc4 Nf6 27. Bxc5 dxc5 28. Bf3
b5 29. axb5 axb5 30. Ne3 Rcd8 31. Ned5 Bxd5 32. Nxd5 Nxd5 33. Rxd5 Rxd5 34.
exd5 Ra8 35. d6 1-0

[Event "8eme Open International de La Fere"]
[Site "La Fere (FRA)"]
[Date "2009.07.04"]
[Round "1.26"]
[White "Dernoncourt, Christophe"]
[Black "Hutin, Evgueny"]
[Result "1/2-1/2"]
[WhiteElo "1720"]
[BlackElo "1919"]
[PlyCount "58"]
[EventDate "2009.??.??"]

1. d4 d5 2. c4 e6 3. Nc3 Nf6 4. Bg5 Be7 5. e3 O-O 6. Nf3 Nbd7 7. Qb3 c5 8. cxd5
Nxd5 9. Bxe7 Nxe7 10. Rd1 Qa5 11. Bc4 cxd4 12. Nxd4 b6 13. Nxe6 Nc5 14. Nxc5
Qxc5 15. O-O Qg5 16. Bxf7+ Kh8 17. Ne4 Qe5 18. Nd6 Bg4 19. f3 Bf5 20. Bh5 Be6
21. Nf7+ Rxf7 22. f4 Rxf4 23. exf4 Qc5+ 24. Kh1 Bxb3 25. axb3 Qxh5 26. Rd7 Nf5
27. Rfd1 h6 28. R7d5 Qe2 29. Rg1 Ne3 1/2-1/2

[Event "8eme Open International de La Fere"]
[Site "La Fere (FRA)"]
[Date "2009.07.04"]
[Round "1.27"]
[White "Molet, Asher"]
[Black "Tivol, Thierry"]
[Result "1-0"]
[WhiteElo "1900"]
[BlackElo "1720"]
[PlyCount "46"]
[EventDate "2009.??.??"]

1. d4 c6 2. Nf3 d5 3. Bf4 Bf5 4. e3 Nd7 5. Bd3 Bxd3 6. cxd3 e6 7. O-O Ngf6 8.
Qb3 Qb6 9. Nbd2 Be7 10. Rac1 O-O 11. h3 Rac8 12. Rc2 Rfe8 13. Rfc1 Bf8 14. a3
Red8 15. Qa2 Ne8 16. b4 a6 17. Nb3 Be7 18. Nc5 Nd6 19. Nd2 Nf8 20. Ndb3 Qc7 21.
Na5 b6 22. Nxa6 Qa7 23. Nxc6 Qxa6 1-0

[Event "8eme Open International de La Fere"]
[Site "La Fere (FRA)"]
[Date "2009.07.04"]
[Round "1.28"]
[White "Vernede, Victor"]
[Black "Boudier, Eric"]
[Result "1/2-1/2"]
[WhiteElo "1720"]
[BlackElo "1883"]
[PlyCount "100"]
[EventDate "2009.??.??"]

1. f4 Nf6 2. g3 d5 3. Nf3 c6 4. d3 Qb6 5. Bg2 Ng4 6. d4 Bf5 7. c3 e6 8. O-O Nd7
9. h3 Ngf6 10. Nbd2 Be7 11. e3 h6 12. Ne5 Nxe5 13. fxe5 Nd7 14. b4 a5 15. bxa5
Qxa5 16. Qb3 b5 17. e4 Bg6 18. Rf2 Qa4 19. Bb2 Ba3 20. Bxa3 Qxa3 21. Rff1 Nb6
22. exd5 exd5 23. g4 Bd3 24. Rfc1 Nc4 25. Nf1 Qb2 26. Qxb2 Nxb2 27. Nd2 Ra3 28.
Nb1 Bxb1 29. Rcxb1 Na4 30. c4 Nc3 31. Rb2 O-O 32. cxd5 cxd5 33. Kh2 Rb8 34. Rf1
Ra4 35. Rf3 Ne4 36. Rd3 Kf8 37. a3 Ke7 38. Rb4 Rxb4 39. axb4 Rc8 40. Bxe4 dxe4
41. Rd1 Rc4 42. Kg3 g5 43. Kf2 Rxb4 44. Ke3 Rc4 45. Kxe4 b4 46. Kd5 Rc3 47. Ra1
Rc7 48. Rb1 Rb7 49. Rb3 Rb8 50. Kc4 Ke6 1/2-1/2

[Event "8eme Open International de La Fere"]
[Site "La Fere (FRA)"]
[Date "2009.07.04"]
[Round "1.29"]
[White "Vandervorst, Marc"]
[Black "Chevance, Gerard"]
[Result "1/2-1/2"]
[WhiteElo "1876"]
[BlackElo "1709"]
[PlyCount "86"]
[EventDate "2009.??.??"]

1. e4 c6 2. d4 d5 3. e5 c5 4. c3 Nc6 5. Bb5 Qb6 6. Bxc6+ Qxc6 7. Nf3 Bg4 8. h3
Bxf3 9. Qxf3 e6 10. Be3 Ne7 11. O-O Nf5 12. Nd2 cxd4 13. cxd4 Bb4 14. Nb3 O-O
15. Rac1 Qb6 16. g4 Ne7 17. a3 Bxa3 18. bxa3 Qxb3 19. Rb1 Qxa3 20. Rxb7 Rac8
21. Rfb1 Nc6 22. Qd1 Qd6 23. R1b5 Qd8 24. Qa4 h6 25. Kg2 f5 26. Rc5 Qe8 27. f3
fxg4 28. hxg4 Rf7 29. Qa6 Rcc7 30. Rb2 Qd7 31. Qe2 Rf8 32. Rbc2 Rcc8 33. Qd2
Ne7 34. Rxc8 Rxc8 35. Rb2 Qc6 36. f4 Qe8 37. Qd3 Kh8 38. Bf2 Qf7 39. Bg3 g6 40.
Qd2 Kg7 41. Bh4 Nc6 42. Bf6+ Kh7 43. Qf2 Rd8 1/2-1/2